[Event "CZE-chT2D 2223"]
[Site "Czech Republic"]
[Date "2023.02.19"]
[Round "9.3"]
[White "Seidl, Antonin"]
[Black "Sohr, Vladimir"]
[Result "1/2-1/2"]
[WhiteElo "2061"]
[BlackElo "2069"]
[PlyCount "103"]
[EventDate "2022.10.16"]
[EventType "team-tourn"]
[EventRounds "11"]
[EventCountry "CZE"]
[SourceTitle "EXT 2024"]
[Source "ChessBase"]
[SourceDate "2023.10.10"]
[SourceVersion "1"]
[SourceVersionDate "2023.10.10"]
[SourceQuality "1"]
[WhiteTeam "Jihlava Gambit"]
[BlackTeam "Zabreh"]
[WhiteTeamCountry "CZE"]
[BlackTeamCountry "CZE"]

1. e4 c5 2. Nf3 Nc6 3. Bb5 g6 4. 0-0 Bg7 5. Re1 d6 6. c3 Qb6 7. a4 Bd7 8. Na3 Nf6 9. d4 cxd4 10. cxd4 0-0 11. Bg5 Bg4 12. Nc4 Qc7 13. d5 Bxf3 14. gxf3 a6 15. dxc6 axb5 16. axb5 bxc6 17. bxc6 Rxa1 18. Qxa1 Qxc6 19. Ne3 Qb5 20. Bxf6 Bxf6 21. Nd5 Bxb2 22. Rb1 Qxd5 23. exd5 Bxa1 24. Rxa1 Kg7 25. f4 Rc8 26. Kg2 Rc4 27. Kg3 Rd4 28. Ra5 Kf6 29. f3 Rc4 30. Ra1 Rc2 31. Rd1 Kf5 32. Ra1 Rc5 33. Rd1 Ra5 34. Rd4 e6 35. dxe6 Kxe6 36. Re4+ Kf6 37. Re8 Ra2 38. h4 h5 39. Kh3 Rd2 40. Kg3 d5 41. Ra8 d4 42. Ra6+ Ke7 43. f5 gxf5 44. Kf4 Rh2 45. Ke5 d3 46. Ra7+ Kd8 47. Ra3 d2 48. Rd3+ Ke7 49. Kxf5 Rg2 50. Rd4 Rf2 51. f4 Rg2 52. Rd3 1/2-1/2

[Event "CZE-chT2D 2223"]
[Site "Czech Republic"]
[Date "2022.12.04"]
[Round "4.5"]
[White "Seidl, Antonin"]
[Black "Hrobar, Vlastimil"]
[Result "1-0"]
[WhiteElo "2061"]
[BlackElo "1976"]
[PlyCount "35"]
[EventDate "2022.10.16"]
[EventType "team-tourn"]
[EventRounds "11"]
[EventCountry "CZE"]
[SourceTitle "EXT 2024"]
[Source "ChessBase"]
[SourceDate "2023.10.10"]
[SourceVersion "1"]
[SourceVersionDate "2023.10.10"]
[SourceQuality "1"]
[WhiteTeam "Jihlava Gambit"]
[BlackTeam "Usti nad Orlici"]
[WhiteTeamCountry "CZE"]
[BlackTeamCountry "CZE"]

1. e4 c6 2. Nc3 Nf6 3. d4 d5 4. e5 Ne4 5. Nxe4 dxe4 6. Ne2 Bf5 7. Ng3 e6 8. c3 Nd7 9. Bc4 c5 10. 0-0 a6 11. Nxf5 b5 12. Bxe6 fxe6 13. Ng3 cxd4 14. cxd4 Bb4 15. Qh5+ g6 16. Qg4 Qe7 17. Bh6 Nb6 18. a3 1-0

[Event "CZE-chT2D 2223"]
[Site "Czech Republic"]
[Date "2022.11.06"]
[Round "2.6"]
[White "Banic, Marek"]
[Black "Seidl, Antonin"]
[Result "1-0"]
[WhiteElo "1935"]
[BlackElo "2061"]
[PlyCount "99"]
[EventDate "2022.10.16"]
[EventType "team-tourn"]
[EventRounds "11"]
[EventCountry "CZE"]
[SourceTitle "EXT 2024"]
[Source "ChessBase"]
[SourceDate "2023.10.10"]
[SourceVersion "1"]
[SourceVersionDate "2023.10.10"]
[SourceQuality "1"]
[WhiteTeam "Hradec Kralove Slavia"]
[BlackTeam "Jihlava Gambit"]
[WhiteTeamCountry "CZE"]
[BlackTeamCountry "CZE"]

1. e4 Nc6 2. Nf3 g6 3. d4 Bg7 4. c3 d5 5. e5 f6 6. exf6 Nxf6 7. Bd3 0-0 8. Nbd2 e5 9. dxe5 Ng4 10. 0-0 Ngxe5 11. Be2 a5 12. Nxe5 Nxe5 13. Nf3 c6 14. Kh1 a4 15. Nxe5 Bxe5 16. f4 Bg7 17. a3 Qb6 18. Qc2 Bf5 19. Bd3 Bxd3 20. Qxd3 Rae8 21. Rb1 Re4 22. Bd2 Rfe8 23. f5 gxf5 24. Rxf5 Re2 25. Rff1 R8e4 26. Qg3 c5 27. Be1 h6 28. Qd3 Qb3 29. Bf2 d4 30. Qf3 Qe6 31. Bg3 b5 32. cxd4 cxd4 33. b3 R2e3 34. Qf5 Rxb3 35. Qc5 Qc4 36. Qa7 d3 37. Qa8+ Kh7 38. Rbe1 Re2 39. Qf3 Qe4 40. Qxe4+ Rxe4 41. Rxe4 Rxa3 42. Re7 Kg6 43. Re6+ Kh7 44. Be5 Bxe5 45. Rxe5 b4 46. h4 Rc3 47. Rf7+ Kg8 48. Rb7 Kf8 49. Rd5 Rc8 50. Rxb4 1-0

[Event "CZE-chT2E 2122"]
[Site "Czech Republic"]
[Date "2022.04.03"]
[Round "11.5"]
[White "Messerschmidt, Stanislav"]
[Black "Seidl, Antonin"]
[Result "1/2-1/2"]
[WhiteElo "1984"]
[BlackElo "2077"]
[PlyCount "83"]
[EventDate "2021.10.17"]
[EventType "team-tourn"]
[EventRounds "11"]
[EventCountry "CZE"]
[SourceTitle "EXT 2024"]
[Source "ChessBase"]
[SourceDate "2023.10.10"]
[SourceVersion "1"]
[SourceVersionDate "2023.10.10"]
[SourceQuality "1"]
[WhiteTeam "Orechov Orel"]
[BlackTeam "Jihlava Gambit"]
[WhiteTeamCountry "CZE"]
[BlackTeamCountry "CZE"]

1. c4 Nf6 2. g3 e5 3. Nc3 Bb4 4. Bg2 0-0 5. Qb3 Nc6 6. e3 Qe7 7. d3 e4 8. a3 exd3 9. axb4 Nd4 10. Qa4 Nc2+ 11. Kd1 Nxa1 12. Qxa1 Qxb4 13. Qa4 Qe7 14. Nd5 Nxd5 15. cxd5 a5 16. Qd4 c5 17. Qxd3 d6 18. Qe4 Qc7 19. Nf3 b5 20. Ng5 g6 21. Qh4 h5 22. Ne4 f5 23. Ng5 Re8 24. Ne6 Qf7 25. Qf4 Bxe6 26. dxe6 Qxe6 27. Bxa8 Rxa8 28. Ke2 a4 29. Rd1 Re8 30. Ke1 b4 31. f3 d5 32. Qc7 Rc8 33. Qb7 d4 34. e4 Re8 35. Bh6 Re7 36. Qb8+ Re8 37. Qc7 Qe7 38. Qxe7 Rxe7 39. Bf4 Re6 40. e5 g5 41. Bxg5 Rxe5+ 42. Kd2 1/2-1/2

[Event "CZE-chT2E 2122"]
[Site "Czech Republic"]
[Date "2022.03.20"]
[Round "10.5"]
[White "Seidl, Antonin"]
[Black "Kocian, Miroslav"]
[Result "1/2-1/2"]
[WhiteElo "2077"]
[BlackElo "2028"]
[PlyCount "92"]
[EventDate "2021.10.17"]
[EventType "team-tourn"]
[EventRounds "11"]
[EventCountry "CZE"]
[SourceTitle "EXT 2024"]
[Source "ChessBase"]
[SourceDate "2023.10.10"]
[SourceVersion "1"]
[SourceVersionDate "2023.10.10"]
[SourceQuality "1"]
[WhiteTeam "Jihlava Gambit"]
[BlackTeam "Zlin"]
[WhiteTeamCountry "CZE"]
[BlackTeamCountry "CZE"]

1. e4 d6 2. d4 Nf6 3. Nc3 g6 4. Be3 a6 5. a4 c6 6. h3 Nbd7 7. Bc4 Qa5 8. Bd2 Qb6 9. Nge2 Bg7 10. a5 Qc7 11. 0-0 c5 12. d5 Ne5 13. b3 b5 14. axb6 Qxb6 15. Na4 Qc7 16. Nec3 Nxc4 17. bxc4 0-0 18. Ra2 Rb8 19. Qe2 h6 20. f4 Nh5 21. Kh2 e5 22. f5 Bd7 23. Nb2 Nf4 24. Bxf4 exf4 25. Nbd1 gxf5 26. Rxa6 Rfe8 27. Qf3 Rb4 28. Qd3 Be5 29. Kh1 Qc8 30. Ra7 fxe4 31. Nxe4 Bf5 32. c3 Rb3 33. Qf3 Bg6 34. Ndf2 f5 35. Qd1 Rb7 36. Rxb7 Qxb7 37. Nd2 Bxc3 38. Nd3 f3 39. Rxf3 Qe7 40. Rg3 Kh7 41. Nf3 Qe4 42. Qb3 Bf6 43. Qb6 Re7 44. Qc6 f4 45. Rg4 Qxd3 46. Qxd6 Rf7 1/2-1/2

[Event "CZE-chT2E 2122"]
[Site "Czech Republic"]
[Date "2022.01.30"]
[Round "7.5"]
[White "Moulis, Mojmir"]
[Black "Seidl, Antonin"]
[Result "1-0"]
[WhiteElo "2101"]
[BlackElo "2077"]
[PlyCount "69"]
[EventDate "2021.10.17"]
[EventType "team-tourn"]
[EventRounds "11"]
[EventCountry "CZE"]
[SourceTitle "EXT 2024"]
[Source "ChessBase"]
[SourceDate "2023.10.10"]
[SourceVersion "1"]
[SourceVersionDate "2023.10.10"]
[SourceQuality "1"]
[WhiteTeam "Brno VSK Univ"]
[BlackTeam "Jihlava Gambit"]
[WhiteTeamCountry "CZE"]
[BlackTeamCountry "CZE"]

1. e4 Nc6 2. d3 d5 3. Nd2 e5 4. Ngf3 Be6 5. c3 Nf6 6. Be2 h6 7. Qc2 Be7 8. 0-0 0-0 9. b4 a6 10. Bb2 Nd7 11. a4 Qe8 12. exd5 Bxd5 13. b5 Nd8 14. c4 Bxf3 15. Bxf3 f5 16. Rae1 axb5 17. axb5 Bf6 18. Nb1 Qg6 19. Nc3 c6 20. Ra1 Rc8 21. bxc6 bxc6 22. Ra7 Rf7 23. Qe2 Qh7 24. Rfa1 g6 25. Na4 Qg7 26. Qd2 Kh7 27. g3 Ne6 28. Bg2 Ndc5 29. Rxf7 Qxf7 30. Nxc5 Nxc5 31. Qe3 Nb3 32. Ra6 Nd4 33. Bxd4 exd4 34. Qf3 c5 35. Rxf6 1-0

[Event "CZE-chT2E 1920"]
[Site "Czech Republic"]
[Date "2020.01.12"]
[Round "6.8"]
[White "Seidl, Antonin"]
[Black "Nezval, Filip1"]
[Result "1/2-1/2"]
[WhiteElo "2068"]
[BlackElo "1771"]
[PlyCount "82"]
[EventDate "2019.10.13"]
[EventType "team-tourn"]
[EventRounds "11"]
[EventCountry "CZE"]
[SourceTitle "EXT 2024"]
[Source "ChessBase"]
[SourceDate "2023.10.10"]
[SourceVersion "1"]
[SourceVersionDate "2023.10.10"]
[SourceQuality "1"]
[WhiteTeam "Jundrov Jezdci"]
[BlackTeam "Adamov"]
[WhiteTeamCountry "CZE"]
[BlackTeamCountry "CZE"]

1. e4 c6 2. Nc3 d5 3. Nf3 Bg4 4. h3 Bxf3 5. Qxf3 e6 6. d4 Nf6 7. Bd3 dxe4 8. Nxe4 Qxd4 9. Be3 Bb4+ 10. c3 Qxd3 11. Nxf6+ gxf6 12. cxb4 Nd7 13. Rd1 Qb5 14. Rd4 0-0-0 15. a4 Qxa4 16. 0-0 a6 17. Qh5 Ne5 18. f4 Ng6 19. Rxd8+ Rxd8 20. Qxh7 Rd7 21. Bb6 Qxb4 22. Qg8+ Qf8 23. Qxf8+ Nxf8 24. f5 e5 25. Rf3 Rd1+ 26. Kh2 Nd7 27. Be3 Kd8 28. h4 Ke8 29. Rg3 Rf1 30. Rg8+ Ke7 31. g4 Rf3 32. Bg1 c5 33. h5 b6 34. Ra8 Rd3 35. h6 Nf8 36. Rxa6 Rb3 37. Ra7+ Ke8 38. Ra8+ Ke7 39. Ra7+ Ke8 40. Ra8+ Ke7 41. Ra7+ Ke8 1/2-1/2

[Event "CZE-chT2C 1718"]
[Site "Czech Republic"]
[Date "2018.02.25"]
[Round "9.5"]
[White "Seidl, Antonin"]
[Black "Novak, Martin"]
[Result "1/2-1/2"]
[WhiteElo "2088"]
[BlackElo "1948"]
[PlyCount "73"]
[EventDate "2017.10.15"]
[EventType "team-tourn"]
[EventRounds "11"]
[EventCountry "CZE"]
[SourceTitle "EXT 2022"]
[Source "ChessBase"]
[SourceDate "2021.10.06"]
[SourceVersion "1"]
[SourceVersionDate "2021.10.06"]
[SourceQuality "1"]
[WhiteTeam "Jihlava Gambit"]
[BlackTeam "Ceske Budejovice"]
[WhiteTeamCountry "CZE"]
[BlackTeamCountry "CZE"]

1. e4 e6 2. d4 d5 3. Nd2 c5 4. exd5 Qxd5 5. Ngf3 cxd4 6. Bc4 Qd6 7. 0-0 Nf6 8. Nb3 Nc6 9. Nbxd4 Nxd4 10. Nxd4 Bd7 11. b3 a6 12. a4 Qc7 13. Qf3 Bc5 14. Bb2 0-0 15. Rad1 Rad8 16. Rd3 Bxd4 17. Rxd4 e5 18. Rh4 e4 19. Qc3 Bf5 20. g4 Bg6 21. g5 Ne8 22. f4 exf3 23. Rxf3 Qc5+ 24. Qe3 Qxe3+ 25. Rxe3 Bxc2 26. Re7 Nd6 27. Rd4 Nxc4 28. bxc4 Bxa4 29. Rxb7 Rb8 30. Rxb8 Rxb8 31. Rd6 Be8 32. Be5 a5 33. Ra6 Rc8 34. Rxa5 f6 35. gxf6 gxf6 36. Bxf6 Rxc4 37. Rg5+ 1/2-1/2

[Event "CZE-chT2C 1718"]
[Site "Czech Republic"]
[Date "2018.01.14"]
[Round "6.4"]
[White "Plesek, Jiri"]
[Black "Seidl, Antonin"]
[Result "0-1"]
[WhiteElo "2142"]
[BlackElo "2088"]
[PlyCount "88"]
[EventDate "2017.10.15"]
[EventType "team-tourn"]
[EventRounds "11"]
[EventCountry "CZE"]
[SourceTitle "EXT 2022"]
[Source "ChessBase"]
[SourceDate "2021.10.06"]
[SourceVersion "1"]
[SourceVersionDate "2021.10.06"]
[SourceQuality "1"]
[WhiteTeam "Pankrac II"]
[BlackTeam "Jihlava Gambit"]
[WhiteTeamCountry "CZE"]
[BlackTeamCountry "CZE"]

1. Nf3 Nf6 2. c4 e6 3. g3 d5 4. b3 Be7 5. Bg2 0-0 6. 0-0 c5 7. Bb2 Nc6 8. e3 a6 9. Qe2 Rb8 10. d4 cxd4 11. Nxd4 Nxd4 12. Bxd4 dxc4 13. Qxc4 b5 14. Qe2 Bb7 15. Rd1 Bxg2 16. Kxg2 Qd5+ 17. f3 Qh5 18. Nd2 Rbc8 19. Nf1 e5 20. g4 Qg5 21. h4 Qxh4 22. Bxe5 h5 23. gxh5 Qg5+ 24. Bg3 Nxh5 25. Rd3 Rc6 26. f4 Qg6 27. Rad1 Rfc8 28. Qf3 Rc2+ 29. R3d2 Bb4 30. Rxc2 Rxc2+ 31. Kh3 Nf6 32. f5 Qh6+ 33. Bh4 Be7 34. Rd2 Rc1 35. Rf2 Nd5 36. Qxd5 Bxh4 37. Rf3 Rc2 38. f6 Bxf6+ 39. Kg4 Rg2+ 40. Rg3 Qh4+ 41. Kf3 Rxa2 42. Qc5 Qh1+ 43. Kf4 Rf2+ 44. Kg4 Qe4+ 0-1

[Event "CZE-chT2C 1718"]
[Site "Czech Republic"]
[Date "2017.11.19"]
[Round "3.3"]
[White "Kosnar, Martin"]
[Black "Seidl, Antonin"]
[Result "1-0"]
[WhiteElo "2114"]
[BlackElo "2088"]
[PlyCount "97"]
[EventDate "2017.10.15"]
[EventType "team-tourn"]
[EventRounds "11"]
[EventCountry "CZE"]
[SourceTitle "EXT 2022"]
[Source "ChessBase"]
[SourceDate "2021.10.06"]
[SourceVersion "1"]
[SourceVersionDate "2021.10.06"]
[SourceQuality "1"]
[WhiteTeam "Praha Eurovia"]
[BlackTeam "Jihlava Gambit"]
[WhiteTeamCountry "CZE"]
[BlackTeamCountry "CZE"]

1. e4 e6 2. d4 d5 3. exd5 exd5 4. Nf3 Bd6 5. Bd3 Ne7 6. 0-0 Bg4 7. Re1 Nd7 8. Bg5 f6 9. Bh4 c6 10. Nbd2 Nf8 11. c3 Qd7 12. Qa4 Nfg6 13. Bg3 Nf4 14. Qc2 Nxd3 15. Qxd3 Kf7 16. Bxd6 Qxd6 17. Nf1 Qf4 18. N3d2 Rae8 19. Qg3 Qxg3 20. Nxg3 h5 21. f3 Bd7 22. Kf2 h4 23. Ngf1 Bf5 24. Ne3 Bd3 25. Nb3 b6 26. Rad1 Ba6 27. Nc1 g5 28. Nd3 Kg6 29. Ng4 Bc8 30. Rd2 Nf5 31. Nb4 Bd7 32. Rde2 Rxe2+ 33. Rxe2 a5 34. Nc2 Kf7 35. Nce3 Nxe3 36. Rxe3 h3 37. Kg3 hxg2 38. Kxg2 Rh4 39. Kg3 Rh8 40. Re1 c5 41. Re3 cxd4 42. cxd4 Rc8 43. Rc3 Bxg4 44. Kxg4 Rxc3 45. bxc3 Kg6 46. f4 f5+ 47. Kg3 b5 48. fxg5 b4 49. cxb4 1-0

[Event "CZE-chT2D 1617"]
[Site "Czech Republic"]
[Date "2017.04.02"]
[Round "11.3"]
[White "Seidl, Antonin"]
[Black "Hrubes, Pavel"]
[Result "0-1"]
[WhiteElo "2104"]
[BlackElo "2156"]
[PlyCount "62"]
[EventDate "2016.10.09"]
[EventType "team-tourn"]
[EventRounds "11"]
[EventCountry "CZE"]
[SourceTitle "EXT 2022"]
[Source "ChessBase"]
[SourceDate "2021.10.06"]
[SourceVersion "1"]
[SourceVersionDate "2021.10.06"]
[SourceQuality "1"]
[WhiteTeam "Jihlava Gambit"]
[BlackTeam "Lanskroun"]
[WhiteTeamCountry "CZE"]
[BlackTeamCountry "CZE"]

1. e4 d6 2. Nf3 Nf6 3. Nc3 g6 4. g3 Bg7 5. Bg2 0-0 6. 0-0 c6 7. h3 e5 8. d4 Qc7 9. Be3 b5 10. a3 a6 11. b4 exd4 12. Bxd4 Nbd7 13. Qd2 Bb7 14. Rad1 Rad8 15. Qf4 Nh5 16. Qe3 c5 17. Bxg7 Nxg7 18. Nd5 Bxd5 19. Rxd5 Nb6 20. Rd3 Nc4 21. Qh6 f6 22. Nd2 Ne5 23. Rc3 Ne6 24. f4 Nf7 25. Qh4 Nd4 26. Rf2 Qe7 27. Nb3 Nxb3 28. Rxb3 Kg7 29. Qg4 cxb4 30. axb4 Rc8 31. Qf3 Qc7 0-1

[Event "CZE-chT2C 1415"]
[Site "Czech Republic"]
[Date "2014.11.30"]
[Round "3.5"]
[White "Seidl, Antonin"]
[Black "Jurasek, Miroslav"]
[Result "0-1"]
[WhiteElo "2065"]
[BlackElo "2284"]
[PlyCount "92"]
[EventDate "2014.11.02"]
[EventType "team-tourn"]
[EventRounds "11"]
[EventCountry "CZE"]
[SourceTitle "EXT 2022"]
[Source "ChessBase"]
[SourceDate "2021.10.06"]
[SourceVersion "1"]
[SourceVersionDate "2021.10.06"]
[SourceQuality "1"]
[WhiteTeam "Jihlava Silko Gambit"]
[BlackTeam "Praha Grop"]
[WhiteTeamCountry "CZE"]
[BlackTeamCountry "CZE"]

1. e4 c5 2. Nf3 g6 3. d4 cxd4 4. Qxd4 Nf6 5. Bb5 Nc6 6. Bxc6 bxc6 7. Nc3 Qb6 8. Be3 Qxd4 9. Bxd4 Bg7 10. 0-0-0 Nh5 11. Bxg7 Nxg7 12. e5 Ne6 13. Nd4 Nc7 14. Nb3 Rb8 15. Ne4 Rb5 16. f4 Ne6 17. g3 Kd8 18. Rhe1 Kc7 19. Nd4 Nxd4 20. Rxd4 h6 21. h4 Rd8 22. c4 Ra5 23. a3 d5 24. exd6+ exd6 25. Re3 Re8 26. Kd2 c5 27. Rdd3 Re6 28. Nc3 Ba6 29. Rxe6 fxe6 30. b3 d5 31. Nxd5+ exd5 32. Rxd5 Bb7 33. Re5 Rxa3 34. Rxc5+ Kd6 35. Rb5 Bc6 36. Rb8 Ra2+ 37. Kc3 Rg2 38. Rg8 Rxg3+ 39. Kb4 Rg4 40. h5 gxh5 41. Rh8 Rg6 42. Rh7 Bd7 43. c5+ Kc7 44. Re7 h4 45. Re5 h3 46. Rh5 Bg4 0-1

[Event "CZE-chT2C 1314"]
[Site "Czech Republic"]
[Date "2014.02.16"]
[Round "8.4"]
[White "Lacha, Josef"]
[Black "Seidl, Antonin"]
[Result "0-1"]
[WhiteElo "2002"]
[BlackElo "2002"]
[PlyCount "92"]
[EventDate "2013.11.03"]
[EventType "team-tourn"]
[EventRounds "11"]
[EventCountry "CZE"]
[SourceTitle "EXT 2015"]
[Source "ChessBase"]
[SourceDate "2014.11.20"]
[SourceVersion "1"]
[SourceVersionDate "2014.11.20"]
[SourceQuality "1"]
[WhiteTeam "Postovni sporitelna III"]
[BlackTeam "Jihlava Gambit"]
[WhiteTeamCountry "CZE"]
[BlackTeamCountry "CZE"]

1. d4 Nf6 2. Nf3 b6 3. Bg5 Bb7 4. e3 e6 5. Bd3 Be7 6. Nbd2 c5 7. c3 0-0 8. 0-0 d5 9. Ne5 Ne4 10. Bxe7 Qxe7 11. f3 Nd6 12. f4 Ne4 13. Qe2 f6 14. Ng4 Nxd2 15. Qxd2 Ba6 16. Rad1 Bxd3 17. Qxd3 Nc6 18. Qb5 Rac8 19. Nf2 Rfd8 20. Nd3 Na5 21. b3 Nb7 22. Rc1 c4 23. Nb2 Qa3 24. bxc4 dxc4 25. Qb4 Qxa2 26. Ra1 Qb3 27. Rxa7 Nd6 28. Re7 Qxb4 29. cxb4 c3 30. Na4 c2 31. Rc1 Rc4 32. Nb2 Rc3 33. Kf2 Rdc8 34. Rxe6 Nb5 35. Rxb6 Na3 36. Ke2 Rb3 37. Nd3 Rcc3 38. Nc5 Rxe3+ 39. Kf2 Rb1 40. Rxc2 Nxc2 41. d5 Rc3 42. d6 Nxb4 43. Na4 Nd3+ 44. Ke3 Rxb6 45. Nxb6 Ne5+ 46. Ke4 Nf7 0-1

[Event "CZE-chT2C 1314"]
[Site "Czech Republic"]
[Date "2013.11.17"]
[Round "2.6"]
[White "Mindl, Josef"]
[Black "Seidl, Antonin"]
[Result "0-1"]
[WhiteElo "2069"]
[BlackElo "2002"]
[PlyCount "92"]
[EventDate "2013.11.03"]
[EventType "team-tourn"]
[EventRounds "11"]
[EventCountry "CZE"]
[SourceTitle "EXT 2015"]
[Source "ChessBase"]
[SourceDate "2014.11.20"]
[SourceVersion "1"]
[SourceVersionDate "2014.11.20"]
[SourceQuality "1"]
[WhiteTeam "Tabor"]
[BlackTeam "Jihlava Gambit"]
[WhiteTeamCountry "CZE"]
[BlackTeamCountry "CZE"]

1. e4 Nc6 2. Nf3 d6 3. d4 Nf6 4. Nc3 Bg4 5. Be2 e5 6. d5 Bxf3 7. Bxf3 Nd4 8. Be3 Nxf3+ 9. Qxf3 Be7 10. 0-0 g6 11. Qe2 a6 12. f4 exf4 13. Bxf4 0-0 14. Bh6 Re8 15. Qf3 Kh8 16. Rae1 Ng8 17. Be3 Bf6 18. Qf2 Qe7 19. Bd4 Kg7 20. Bxf6+ Nxf6 21. Qf4 Qe5 22. g4 h6 23. h4 g5 24. hxg5 hxg5 25. Qxe5 Rxe5 26. Re3 Nxg4 27. Ref3 Rf8 28. Rg3 Nf6 29. Rf5 g4 30. Rxe5 dxe5 31. Nd1 Kg6 32. Nf2 Kg5 33. Rc3 Rc8 34. Kg2 Kf4 35. d6 c6 36. Nd3+ Kxe4 37. Nc5+ Kf5 38. Nxb7 Ke6 39. Rd3 Nd7 40. a4 Rb8 41. Rb3 f5 42. Kg3 Rg8 43. Ra3 f4+ 44. Kg2 f3+ 45. Kg3 Rf8 46. Kf2 g3+ 0-1

[Event "Olomouc op 16th"]
[Site "Olomouc"]
[Date "2013.08.01"]
[Round "1"]
[White "Johansson, Jan"]
[Black "Seidl, Antonin"]
[Result "1-0"]
[WhiteElo "2394"]
[BlackElo "2018"]
[PlyCount "31"]
[EventDate "2013.08.01"]
[EventType "swiss"]
[EventRounds "9"]
[EventCountry "CZE"]
[SourceTitle "CBM 155 Extra"]
[Source "ChessBase"]
[SourceDate "2013.08.26"]
[SourceVersion "1"]
[SourceVersionDate "2013.08.26"]
[SourceQuality "1"]

1. d4 Nf6 2. Nf3 b6 3. Bg5 Bb7 4. e3 e6 5. Bd3 c5 6. 0-0 Be7 7. c4 cxd4 8. exd4 d5 9. Bxf6 Bxf6 10. cxd5 Bxd5 11. Nc3 Bxf3 12. Qxf3 Nd7 13. d5 e5 14. Ne4 0-0 15. Qh3 g6 16. Qxd7 1-0

[Event "Litomysl op 14th"]
[Site "Litomysl"]
[Date "2012.12.29"]
[Round "4"]
[White "Seidl, Antonin"]
[Black "Johnova, Eliska"]
[Result "0-1"]
[WhiteElo "2028"]
[BlackElo "1848"]
[PlyCount "108"]
[EventDate "2012.12.26"]
[EventType "swiss"]
[EventRounds "9"]
[EventCountry "CZE"]
[SourceTitle "EXT 2014"]
[Source "ChessBase"]
[SourceDate "2013.11.20"]
[SourceVersion "1"]
[SourceVersionDate "2013.11.20"]
[SourceQuality "1"]

1. e4 e6 2. d3 d5 3. Nd2 Nf6 4. Ngf3 b6 5. g3 Bb7 6. e5 Nfd7 7. Bg2 c5 8. 0-0 Nc6 9. Re1 Qc7 10. Qe2 Be7 11. c3 Rc8 12. h4 a6 13. Nf1 b5 14. Bf4 c4 15. d4 b4 16. Ng5 h6 17. Nxe6 fxe6 18. Qg4 Nd8 19. Qxg7 Nf7 20. Ne3 Nb6 21. Nf5 Bf8 22. Qf6 Qd7 23. Nd6+ Bxd6 24. exd6 0-0 25. Rxe6 Rce8 26. Rae1 Rxe6 27. Rxe6 Nh8 28. Qxh6 Qg7 29. Qh5 Qf7 30. Qg5+ Qg7 31. Qh5 Qh7 32. Qg4+ Qg7 33. Bg5 Bc8 34. Bh3 Bxe6 35. Qxe6+ Qf7 36. d7 Nxd7 37. Qxd7 Qxf2+ 38. Kh1 Qe1+ 39. Kh2 Rf2+ 40. Bg2 Qe4 41. Qd8+ Kh7 42. Qe7+ Qxe7 43. Bxe7 bxc3 44. bxc3 Rxa2 45. Kh3 Ra5 46. g4 Rb5 47. g5 Ng6 48. Bd6 a5 49. Kg4 a4 50. h5 Nh8 51. Kf5 Ra5 52. g6+ Kg7 53. h6+ Kg8 54. Kf6 Nxg6 0-1

[Event "Litomysl op 14th"]
[Site "Litomysl"]
[Date "2012.12.26"]
[Round "1"]
[White "Seidl, Antonin"]
[Black "Sabol, Marian"]
[Result "0-1"]
[WhiteElo "2028"]
[BlackElo "2341"]
[PlyCount "106"]
[EventDate "2012.12.26"]
[EventType "swiss"]
[EventRounds "9"]
[EventCountry "CZE"]
[SourceTitle "EXT 2014"]
[Source "ChessBase"]
[SourceDate "2013.11.20"]
[SourceVersion "1"]
[SourceVersionDate "2013.11.20"]
[SourceQuality "1"]

1. e4 c6 2. Nf3 d5 3. Nc3 g6 4. d4 Bg7 5. Bf4 Bg4 6. exd5 cxd5 7. Nb5 Na6 8. Qe2 Bxf3 9. gxf3 Kf8 10. c3 Nf6 11. Qd2 Nh5 12. Bh6 Nc7 13. Rg1 Nxb5 14. Bxb5 Qb6 15. Be2 Qf6 16. 0-0-0 Bxh6 17. Qxh6+ Ke8 18. Rg5 Nf4 19. Bb5+ Kd8 20. Rg4 Ne6 21. f4 Rc8 22. Qh4 h5 23. Qxf6 exf6 24. Rh4 f5 25. Kd2 a6 26. Bf1 Ke7 27. Ke3 Kd6 28. Rh3 Rce8 29. Rg3 g5 30. Kd2 h4 31. Rg1 g4 32. h3 gxh3 33. Bxh3 Nxf4 34. Bf1 h3 35. Re1 h2 36. Rh1 Reg8 37. Be2 Rg2 38. Ke3 Nh3 39. Ref1 f4+ 40. Kf3 Rhg8 41. Bd3 R8g4 42. Ke2 Ng5 43. Ke1 f3 44. Kd2 Ke6 45. Ke3 f5 46. Kd2 Kf6 47. Kd1 Ne4 48. Ke1 b5 49. a4 bxa4 50. Bxa6 Rg8 51. Bb7 Rb8 52. Bxd5 Rxb2 53. Bxe4 fxe4 0-1

[Event "CZE-chT2C 1213"]
[Site "Czech Republic"]
[Date "2012.12.16"]
[Round "5.6"]
[White "Seidl, Antonin"]
[Black "Cernovsky, Jiri"]
[Result "0-1"]
[WhiteElo "2028"]
[BlackElo "2144"]
[PlyCount "66"]
[EventDate "2012.10.14"]
[EventType "team-tourn"]
[EventRounds "11"]
[EventCountry "CZE"]
[SourceTitle "EXT 2015"]
[Source "ChessBase"]
[SourceDate "2014.11.20"]
[SourceVersion "1"]
[SourceVersionDate "2014.11.20"]
[SourceQuality "1"]
[WhiteTeam "Jihlava Gambit"]
[BlackTeam "Kutna Hora"]
[WhiteTeamCountry "CZE"]
[BlackTeamCountry "CZE"]

1. e4 c6 2. Nf3 d5 3. Nc3 Bg4 4. h3 Bxf3 5. Qxf3 e6 6. g4 Nd7 7. Bg2 Ngf6 8. Qg3 dxe4 9. Nxe4 Nxe4 10. Bxe4 Nf6 11. Bg2 Bd6 12. Qb3 Qc7 13. d4 0-0 14. Bd2 Rfd8 15. c4 Bf4 16. Bc3 e5 17. dxe5 Bxe5 18. 0-0 Bxc3 19. Qxc3 Rd7 20. Rad1 Rad8 21. Rxd7 Rxd7 22. Qe3 Qb6 23. Qe5 Qd8 24. Re1 Rd1 25. Rxd1 Qxd1+ 26. Kh2 Qd8 27. g5 Ne8 28. f4 Kf8 29. c5 Qe7 30. Qf5 Qe3 31. h4 g6 32. Qe4 Qxc5 33. h5 Nd6 0-1

[Event "Litomysl op 13th"]
[Site "Litomysl"]
[Date "2011.12.26"]
[Round "1"]
[White "Drozdowski, Kacper"]
[Black "Seidl, Antonin"]
[Result "1-0"]
[WhiteElo "2314"]
[BlackElo "1978"]
[PlyCount "63"]
[EventDate "2011.12.26"]
[EventType "swiss"]
[EventRounds "9"]
[EventCountry "CZE"]
[SourceTitle "CBM 146 Extra"]
[Source "ChessBase"]
[SourceDate "2012.02.29"]
[SourceVersion "1"]
[SourceVersionDate "2012.02.29"]
[SourceQuality "1"]

1. e4 Nc6 2. Nf3 d6 3. d4 g6 4. Nc3 Bg7 5. h3 e5 6. Bg5 Qd7 7. d5 Nce7 8. Bb5 c6 9. Ba4 h6 10. Be3 Qc7 11. dxc6 bxc6 12. Qd3 Be6 13. 0-0-0 Rd8 14. Qa6 f5 15. Nd5 Qc8 16. Qxc8 Rxc8 17. Nc3 Rd8 18. exf5 gxf5 19. Bxa7 Nf6 20. Bb6 Rd7 21. Ba5 Ne4 22. Nxe4 fxe4 23. Nd2 Ra7 24. b4 d5 25. Bb3 Kf7 26. Bb6 Ra6 27. Bc5 Nf5 28. c3 Bf6 29. a4 Nh4 30. Nxe4 dxe4 31. Rd7+ Kg6 32. Bxe6 1-0